| 000 | 01002cam a22002655a 4500 | ||
|---|---|---|---|
| 001 | 12825917 | ||
| 005 | 20180326160227.0 | ||
| 008 | 020620t2003 nyua frb 001 0 eng d | ||
| 020 | _a0471438812 | ||
| 040 |
_aDLC _cDLC _dDLC _dEG-ScBUE _beng |
||
| 082 | 0 | 4 |
_a620.112 _222 _bBOR |
| 100 | 1 |
_aBoresi, Arthur P. _q(Arthur Peter), _d1924- |
|
| 245 | 1 | 0 |
_aAdvanced mechanics of materials / _cArthur P. Boresi, Richard J. Schmidt. |
| 250 | _a6th ed., International ed. | ||
| 260 |
_aNew York : _bJohn Wiley & Sons, _cc.2003. |
||
| 300 |
_axiii, 681 p. : _bill. ; _c26 cm. |
||
| 504 | _aIncludes bibliographical references and indexes. | ||
| 650 | 7 |
_aStrength of materials. _2BUEsh _910669 |
|
| 651 | _2BUEsh | ||
| 653 |
_bGGEN _cMarch2018 |
||
| 700 | 1 |
_aSchmidt, Richard J. _q(Richard Joseph), _d1954- |
|
| 856 | 4 | 2 |
_3Publisher description _uhttp://www.loc.gov/catdir/description/wiley039/2002026738.html |
| 856 | 4 | 1 |
_3Table of contents _uhttp://www.loc.gov/catdir/toc/wiley023/2002026738.html |
| 942 | _2ddc | ||
| 999 |
_c26418 _d26390 |
||